[Event "Euro Online U2300 Day 2"]
[Site "chess.com INT"]
[Date "2020.05.26"]
[Round "4"]
[White "Tsaknakis, Zisis"]
[Black "Lisin, Egor"]
[Result "1-0"]
[WhiteElo "2217"]
[BlackElo "1943"]
[WhiteFideId "4259963"]
[BlackFideId "34147257"]
[EventDate "2020.05.26"]

1. d4 Nf6 2. c4 g6 3. g3 Bg7 4. Bg2 O-O 5. Nc3 d6 6. Nf3 Nc6 7. d5 Na5 8. Nd2 c5
9. Rb1 Rb8 10. a3 Nd7 11. Qc2 Ne5 12. b3 b6 13. O-O a6 14. h3 b5 15. f4 Nd7 16.
cxb5 axb5 17. b4 cxb4 18. axb4 Nc4 19. Nxc4 bxc4 20. e4 Qb6+ 21. Kh2 Qd4 22. Rf3
e6 23. Bf1 Nf6 24. Be3 Ng4+ 25. hxg4 Qxc3 26. Qxc3 Bxc3 27. dxe6 Bxe6 28. f5
gxf5 29. gxf5 Bd7 30. Bh6 Bg7 31. Bxg7 Kxg7 32. f6+ Kg6 33. Bxc4 Bc6 34. Bd3 Kg5
35. Rf5+ Kg6 36. b5 Bb7 37. Rbf1 Rfe8 38. R1f4 h5 39. g4 Re5 40. gxh5+ Kh6 41.
Bc4 Rxe4 42. Bxf7 Re2+ 43. Rf2 Rxf2+ 44. Rxf2 Rf8 45. Bg6 d5 46. Kg3 d4 47. f7
Bd5 48. b6 d3 49. Bxd3 Kxh5 50. Rf5+ Kh6 51. Rxd5 Rxf7 52. Rb5 1-0

[Event "Euro Online U2300 Day 2"]
[Site "chess.com INT"]
[Date "2020.05.26"]
[Round "4"]
[White "Khojayan, Vardan"]
[Black "Ponce Cano, Adrian"]
[Result "1-0"]
[BlackTitle "FM"]
[WhiteElo "2266"]
[BlackElo "2169"]
[WhiteFideId "13303520"]
[BlackFideId "22296913"]
[EventDate "2020.05.26"]

1. d4 d5 2. Nf3 e6 3. c4 c6 4. e3 Bd6 5. Nbd2 f5 6. b3 Nf6 7. Bb2 O-O 8. Be2 b6
9. O-O Bb7 10. Qc1 Nbd7 11. cxd5 exd5 12. Ne5 Rc8 13. f4 c5 14. Qb1 Ne4 15. Qd3
Ndf6 16. Ndf3 a6 17. Rfd1 b5 18. dxc5 Bxc5 19. Nd4 g6 20. Ne6 Qb6 21. Nxc5 Qxc5
22. Rac1 Qb6 23. b4 Rc4 24. Nxc4 bxc4 25. Qd4 Qxb4 26. Bf3 Bc6 27. Bxe4 fxe4 28.
Bc3 Qa3 29. Rb1 Bb5 30. Rd2 Rf7 31. Qe5 h5 32. Rxd5 Qxa2 33. Rd8+ Kh7 34. Re1
Qc2 35. Rd6 1-0

[Event "Euro Online U2300 Day 2"]
[Site "chess.com INT"]
[Date "2020.05.26"]
[Round "4"]
[White "Baskin, Robert"]
[Black "Rabatin, Jakub"]
[Result "0-1"]
[WhiteTitle "IM"]
[BlackTitle "FM"]
[WhiteElo "2390"]
[BlackElo "2271"]
[WhiteFideId "24662402"]
[BlackFideId "329517"]
[EventDate "2020.05.26"]

1. e4 c5 2. Nf3 d6 3. d4 cxd4 4. Nxd4 Nf6 5. Nc3 a6 6. Be3 e5 7. Nb3 Be6 8. f3
h5 9. Qd2 Nbd7 10. O-O-O Rc8 11. Nd5 Bxd5 12. exd5 Qc7 13. Kb1 g6 14. c4 b6 15.
Be2 Bg7 16. g4 h4 17. h3 Nc5 18. Na1 O-O 19. Nc2 Rfe8 20. Nb4 e4 21. f4 Nfd7 22.
Nc6 Nb8 23. Nd4 Nbd7 24. Rc1 Nd3 25. Bxd3 exd3 26. Qxd3 Nc5 27. Qa3 Qe7 28. Nc2
Qe4 29. Rhd1 Qxc4 30. Bd4 Bxd4 31. Nxd4 Qxd5 32. Ka1 Qe4 33. Nf3 Qxf4 34. Nxh4
Nb3+ 35. axb3 Rxc1+ 36. Rxc1 Qxc1+ 37. Ka2 Re5 38. b4 Qc4+ 39. Qb3 0-1

[Event "Euro Online U2300 Day 2"]
[Site "chess.com INT"]
[Date "2020.05.26"]
[Round "4"]
[White "Hansen, Carsten"]
[Black "Giannoulakis, Lampros"]
[Result "1-0"]
[WhiteTitle "FM"]
[BlackTitle "FM"]
[WhiteElo "2270"]
[BlackElo "2293"]
[WhiteFideId "1400444"]
[BlackFideId "4247019"]
[EventDate "2020.05.26"]

1. Nf3 Nf6 2. c4 g6 3. Nc3 Bg7 4. d4 O-O 5. Bg5 d6 6. e3 Nbd7 7. Qc2 c6 8. Rd1
Qe8 9. Be2 e5 10. dxe5 dxe5 11. Nd2 h6 12. Bh4 Nc5 13. b4 Na6 14. a3 Bf5 15. e4
Be6 16. c5 Nc7 17. Nc4 Bxc4 18. Bxc4 Ne6 19. Bxe6 Qxe6 20. Rd6 Qe7 21. Bxf6 Bxf6
22. O-O Rfd8 23. Rfd1 Bg5 24. Qb3 Kg7 25. b5 Qe8 26. bxc6 bxc6 27. Qa4 Rdc8 28.
Qc4 Rc7 29. g3 Be7 30. R6d3 Rb8 31. Na4 Rb5 32. Qc3 f6 33. Qc4 Qc8 34. Kg2 h5
35. h4 Qg4 36. f3 Qc8 37. R1d2 Rb8 38. Qc2 Qe6 39. Qd1 Rbb7 40. Qc2 Kf7 41. Qd1
Ke8 42. Qc2 Rd7 43. Rxd7 Rxd7 44. Rxd7 Qxd7 45. Qc4 Kf8 46. Qb4 Kg7 47. Qb3 Qd2+
48. Kh3 Qd7+ 49. Kg2 g5 50. hxg5 fxg5 51. Qc3 Bf6 52. Nb2 g4 53. Nc4 Qd1 54.
fxg4 hxg4 55. Nd6 Qe2+ 56. Kg1 Kg6 57. Nf5 Qxe4 58. Ne3 Qf3 59. Qc2+ e4 60. Ng2
Bd4+ 61. Kh2 Be5 62. Nh4+ 1-0

[Event "Euro Online U2300 Day 2"]
[Site "chess.com INT"]
[Date "2020.05.26"]
[Round "4"]
[White "Ranaldi, Lucas"]
[Black "Sernecki, Franciszek"]
[Result "1/2-1/2"]
[WhiteTitle "FM"]
[BlackTitle "FM"]
[WhiteElo "2353"]
[BlackElo "2243"]
[WhiteFideId "1519484"]
[BlackFideId "1169297"]
[EventDate "2020.05.26"]

1. Nf3 Nf6 2. c4 e6 3. g3 d5 4. Bg2 dxc4 5. Qa4+ Bd7 6. Qxc4 c5 7. Ne5 Qc8 8.
O-O Nc6 9. Nxd7 Qxd7 10. Nc3 Rc8 11. Qa4 Be7 12. d3 O-O 13. Be3 Nd5 14. Bd2 Rfd8
15. Rfd1 b6 16. Rac1 Bf6 17. Nxd5 exd5 18. b4 Nd4 19. Qxd7 Rxd7 20. Kf1 Ne6 21.
bxc5 bxc5 22. Bc3 Bxc3 23. Rxc3 Rb8 24. Rdc1 Rb2 25. R3c2 Rb5 26. e3 Kf8 27. f4
g6 28. Bh3 Rc7 29. Bg2 Rd7 30. Bh3 Rc7 31. Bg2 Rd7 1/2-1/2

[Event "Euro Online U2300 Day 2"]
[Site "chess.com INT"]
[Date "2020.05.26"]
[Round "4"]
[White "Mostbauer, Florian"]
[Black "Jakubowska, Anna"]
[Result "1-0"]
[WhiteTitle "FM"]
[BlackTitle "WIM"]
[WhiteElo "2309"]
[BlackElo "2073"]
[WhiteFideId "1626671"]
[BlackFideId "1121952"]
[EventDate "2020.05.26"]

1. c4 e5 2. g3 Nc6 3. Bg2 g6 4. Nc3 Bg7 5. e3 d6 6. Nge2 h5 7. h4 Bg4 8. b3 Nge7
9. Bb2 Qd7 10. d3 O-O 11. Qd2 a6 12. Nd5 Rab8 13. O-O Nxd5 14. cxd5 Ne7 15. Rac1
Bh3 16. e4 Bxg2 17. Kxg2 Kh7 18. Rc2 c5 19. dxc6 bxc6 20. d4 Qe6 21. dxe5 dxe5
22. Ng1 f5 23. exf5 Nxf5 24. Nf3 Kh8 25. Rc5 Nd4 26. Bxd4 exd4 27. Qd3 Rbd8 28.
Re1 Qf6 29. Re4 Rd7 30. Rf4 Qd6 31. Rxf8+ Bxf8 32. Rg5 Rg7 33. Qxd4 Kh7 34. Qe4
Kh6 35. Qe3 Kh7 36. Re5 Be7 37. Re6 Qb4 38. Rxc6 Rf7 39. Rc4 Qd6 40. Qe4 Qd1 41.
Rc7 Qd6 42. Rc6 1-0

[Event "Euro Online U2300 Day 2"]
[Site "chess.com INT"]
[Date "2020.05.26"]
[Round "4"]
[White "Usmanov, Ilnur"]
[Black "Salimova, Nurgyul"]
[Result "0-1"]
[BlackTitle "IM"]
[WhiteElo "2147"]
[BlackElo "2372"]
[WhiteFideId "4111303"]
[BlackFideId "2915138"]
[EventDate "2020.05.26"]

1. d4 Nf6 2. Bg5 d5 3. Bxf6 exf6 4. e3 c6 5. g3 Bd6 6. Bg2 O-O 7. Ne2 Be6 8. O-O
Nd7 9. Nd2 f5 10. b3 Nf6 11. c4 Re8 12. Nc3 Bb4 13. Qc2 Ne4 14. Ndxe4 fxe4 15.
cxd5 cxd5 16. a3 Bd6 17. Nb5 Rc8 18. Qb2 Bb8 19. Rfc1 Qd7 20. Nc3 h5 21. Rc2 h4
22. Rac1 Rcd8 23. Bf1 Bh3 24. Ne2 Bxf1 25. Kxf1 Qf5 26. Rc3 Qf3 27. Ng1 Qh1 28.
Ke2 hxg3 29. hxg3 Bxg3 30. Rf1 Bh2 31. Rcc1 Rc8 32. Rxc8 Rxc8 33. Qb1 Qg2 34.
Qd1 Rc3 35. Qb1 Qg4+ 0-1

[Event "Euro Online U2300 Day 2"]
[Site "chess.com INT"]
[Date "2020.05.26"]
[Round "4"]
[White "Patrelakis, Evaggelos"]
[Black "Luczak, Filip"]
[Result "1-0"]
[BlackTitle "CM"]
[WhiteElo "2259"]
[BlackElo "2240"]
[WhiteFideId "4295102"]
[BlackFideId "1193686"]
[EventDate "2020.05.26"]

1. e4 c5 2. Nf3 d6 3. d4 cxd4 4. Nxd4 Nf6 5. Nc3 a6 6. Bg5 Nbd7 7. Qe2 e6 8.
O-O-O Be7 9. f4 Qc7 10. g4 b5 11. Bg2 Bb7 12. e5 dxe5 13. Bxb7 exd4 14. Bxa8
dxc3 15. f5 cxb2+ 16. Kb1 Nb6 17. Bf3 Na4 18. Bd2 e5 19. Rhe1 Nd7 20. Bd5 Bg5
21. Bb4 Be7 22. Bd2 Bg5 23. Qf3 Bxd2 24. Rxd2 O-O 25. Bb3 Ndc5 26. g5 e4 27. Qe3
b4 28. g6 Nc3+ 29. Kxb2 Qa5 30. gxf7+ Kh8 31. f6 Qa3+ 32. Ka1 Nxb3+ 33. cxb3 g6
34. Qh6 Rxf7 1-0

[Event "Euro Online U2300 Day 2"]
[Site "chess.com INT"]
[Date "2020.05.26"]
[Round "4"]
[White "Reizniece-Ozola, Dana"]
[Black "Brilej, Jaka"]
[Result "0-1"]
[WhiteTitle "WGM"]
[BlackTitle "CM"]
[WhiteElo "2311"]
[BlackElo "2228"]
[WhiteFideId "11601124"]
[BlackFideId "14618818"]
[EventDate "2020.05.26"]

1. c4 f5 2. Nc3 Nf6 3. g3 g6 4. Bg2 Bg7 5. Nf3 O-O 6. O-O d6 7. d4 c6 8. d5 e5
9. dxe6 Bxe6 10. Qd3 Na6 11. Nd4 Bf7 12. b3 Qe7 13. Bb2 Rad8 14. Rad1 d5 15.
cxd5 Nxd5 16. Nxd5 Bxd5 17. Bxd5+ Rxd5 18. Qc4 Nc7 19. Rb1 b5 20. Nxc6 Qd6 21.
Qf4 Bxb2 22. Rxb2 Qxc6 23. Rc1 Rc5 24. Rxc5 Qxc5 25. Rd2 Nd5 26. Qg5 Nf6 27. Qf4
Qc1+ 28. Kg2 Ne4 29. Rd7 Qxf4 30. gxf4 Rf7 31. Rd5 Rb7 32. a3 a6 33. f3 Nc3 34.
Rd8+ Kg7 35. Kf2 b4 36. axb4 Rxb4 37. Ra8 Rxb3 38. Rxa6 Rb2 39. Re6 Kf7 40. Re5
Rb5 41. Ke3 Rxe5+ 42. fxe5 Ke6 43. f4 Ne4 44. h4 h6 45. Kf3 g5 46. hxg5 hxg5 47.
e3 gxf4 48. exf4 Nc5 49. Kg3 Kd5 50. Kh4 Ne6 51. Kh5 Ke4 52. Kg6 Nxf4+ 53. Kf6
Nd5+ 0-1

[Event "Euro Online U2300 Day 2"]
[Site "chess.com INT"]
[Date "2020.05.26"]
[Round "4"]
[White "Ivanisvili, Andrejs"]
[Black "Khachatryan, Anna"]
[Result "1-0"]
[BlackTitle "WFM"]
[WhiteElo "2233"]
[BlackElo "2071"]
[WhiteFideId "11601485"]
[BlackFideId "13310780"]
[EventDate "2020.05.26"]

1. d4 Nf6 2. Nf3 g6 3. c4 c5 4. e3 Bg7 5. Nc3 O-O 6. Bd3 cxd4 7. exd4 d5 8. cxd5
Nxd5 9. h3 Nc6 10. Be4 Be6 11. O-O Nxc3 12. bxc3 Bd5 13. Bxd5 Qxd5 14. Qb3 Qd7
15. Qb5 a6 16. Qb6 e5 17. Rb1 exd4 18. cxd4 Nxd4 19. Nxd4 Bxd4 20. Qxb7 Qf5 21.
Be3 Bxe3 22. fxe3 Qe6 23. Qb3 Qe5 24. Rf3 Rab8 25. Qc2 Rxb1+ 26. Qxb1 Rb8 27.
Qd3 a5 28. Rf2 Kg7 29. Rd2 Rb4 30. Rf2 h5 31. Re2 Re4 32. Qb3 Rb4 33. Qd3 h4 34.
Rf2 Rb5 35. Rd2 Rd5 36. Qxd5 1-0

[Event "Euro Online U2300 Day 2"]
[Site "chess.com INT"]
[Date "2020.05.26"]
[Round "4"]
[White "Ristic, Nenad"]
[Black "Svicevic, Rastko"]
[Result "1/2-1/2"]
[WhiteTitle "GM"]
[BlackTitle "FM"]
[WhiteElo "2332"]
[BlackElo "2215"]
[WhiteFideId "901318"]
[BlackFideId "916315"]
[EventDate "2020.05.26"]

1. e4 c5 2. Nf3 Nc6 3. Bb5 e5 4. Nc3 Bd6 5. O-O Nge7 6. d3 a6 7. Bc4 b5 8. Bb3
O-O 9. a3 Nd4 10. Nxd4 exd4 11. Ne2 Bb7 12. f4 Rc8 13. f5 c4 14. Ba2 Be5 15. Bf4
d6 16. Bxe5 dxe5 17. f6 Ng6 18. fxg7 Kxg7 19. Ng3 Kh8 20. Nh5 f5 21. exf5 Qg5
22. Qe2 Nh4 23. Qxe5+ Kg8 24. Qg3 Qxg3 25. Nxg3 Nxg2 26. Rf2 Ne3 27. c3 Kg7 28.
dxc4 d3 29. Re1 Rcd8 30. Rd2 Nxc4 31. Bxc4 bxc4 32. b3 cxb3 33. Rb1 Bc6 34. Rxb3
Bb5 35. Rb4 Rc8 36. a4 Bc4 37. Rb7+ Kh6 38. Kf2 Kg5 39. Rxh7 Rh8 40. Ne4+ Kf4
41. Rxh8 Rxh8 42. Nd6 Rxh2+ 43. Ke1 Rh1+ 44. Kf2 Rh2+ 45. Ke1 Rh1+ 46. Kf2 Rh2+ 1/2-1/2

[Event "Euro Online U2300 Day 2"]
[Site "chess.com INT"]
[Date "2020.05.26"]
[Round "4"]
[White "Yeke, Serkan"]
[Black "Shapiro, David"]
[Result "0-1"]
[WhiteTitle "FM"]
[BlackTitle "FM"]
[WhiteElo "2099"]
[BlackElo "2392"]
[WhiteFideId "6301142"]
[BlackFideId "24133523"]
[EventDate "2020.05.26"]

1. e4 c6 2. d3 d5 3. Nd2 g6 4. Ngf3 Bg7 5. g3 Nf6 6. Bg2 O-O 7. O-O c5 8. Re1
Nc6 9. exd5 Nxd5 10. Nc4 e6 11. a4 b6 12. Bg5 Qc7 13. Qc1 Re8 14. Bh6 Bh8 15. h4
Bb7 16. h5 a6 17. hxg6 hxg6 18. c3 b5 19. axb5 axb5 20. Rxa8 Rxa8 21. Ne3 Nce7
22. Ng4 Nf5 23. Bg5 c4 24. d4 b4 25. Nh4 Nxh4 26. Bxh4 Qa5 27. Nf6+ Bxf6 28.
Bxf6 Nxf6 29. Bxb7 Rb8 30. Bg2 Nd5 31. Bxd5 Qxd5 32. Re5 Qf3 33. Rc5 bxc3 34.
Qxc3 Qd1+ 35. Kg2 Rb3 36. Qxc4 Qf3+ 37. Kg1 Rd3 0-1

[Event "Euro Online U2300 Day 2"]
[Site "chess.com INT"]
[Date "2020.05.26"]
[Round "4"]
[White "Levin, Guy"]
[Black "Slizunkov, Dmitry"]
[Result "1/2-1/2"]
[WhiteElo "2213"]
[BlackElo "2120"]
[WhiteFideId "2824213"]
[BlackFideId "34185949"]
[EventDate "2020.05.26"]

1. c4 e6 2. g3 d5 3. Bg2 Nf6 4. d4 c5 5. cxd5 exd5 6. Nf3 Nc6 7. O-O a6 8. Nc3
cxd4 9. Nxd4 Bc5 10. Be3 Ba7 11. Nxc6 bxc6 12. Bxa7 Rxa7 13. Qd4 Re7 14. Qc5 O-O
15. Rad1 Qc7 16. e3 Bf5 17. Rc1 Qb7 18. b4 h5 19. h4 Ne4 20. Nxe4 Bxe4 21. Bxe4
Rxe4 22. a3 Re6 23. Rfd1 Ra8 24. Rd4 Rf6 25. Rc2 Re8 26. Qc3 Ra8 27. Qd2 a5 28.
bxa5 Qb5 29. Rb4 Qxa5 30. Rb8+ Kh7 31. Qd3+ g6 32. Rxa8 Qxa8 33. Qd4 Re6 34. Rc3
Qa6 35. Qf4 Kg7 36. Qd4+ Kh7 37. Qf4 Kg7 38. Qd4+ Kh7 1/2-1/2

[Event "Euro Online U2300 Day 2"]
[Site "chess.com INT"]
[Date "2020.05.26"]
[Round "4"]
[White "Tsaruk, Maksim"]
[Black "Pham, Khoi"]
[Result "1-0"]
[WhiteTitle "FM"]
[WhiteElo "2302"]
[BlackElo "2048"]
[WhiteFideId "13511173"]
[BlackFideId "1054988"]
[EventDate "2020.05.26"]

1. e4 c5 2. Nf3 d6 3. d4 cxd4 4. Nxd4 Nf6 5. Nc3 a6 6. g3 e5 7. Nb3 b5 8. Bg2
Bb7 9. O-O Nbd7 10. Nd5 Nxd5 11. exd5 Be7 12. a4 b4 13. Bd2 a5 14. c3 bxc3 15.
Bxc3 O-O 16. Qd2 Bg5 17. Qe1 Ba6 18. Nxa5 Bxf1 19. Nc6 Qb6 20. Qxf1 Nc5 21. a5
Qc7 22. b4 Nb3 23. Ra3 Nd2 24. Qd3 e4 25. Qd4 Nf3+ 26. Bxf3 Bf6 27. Qxe4 Bxc3
28. Rxc3 Rfe8 29. Qc2 Qd7 30. Kg2 g6 31. b5 h5 32. h4 Re1 33. b6 Qb7 34. Nb4 Qd7
35. Nd3 Ra1 36. Rc7 Qb5 37. b7 Rf8 38. Qb2 Rxa5 39. Qxb5 Rxb5 40. Nf4 Re8 41.
Bd1 Rb6 42. Ba4 Rf8 43. Bc6 Kh7 44. Ne6 Rb8 45. Ng5+ Kg7 46. Rxf7+ Kg8 47. Rc7 1-0

[Event "Euro Online U2300 Day 2"]
[Site "chess.com INT"]
[Date "2020.05.26"]
[Round "4"]
[White "Ismayilov, Firuz"]
[Black "Dmitrenko, Viktor"]
[Result "0-1"]
[BlackTitle "IM"]
[WhiteElo "1590"]
[BlackElo "2456"]
[WhiteFideId "13416561"]
[BlackFideId "14110270"]
[EventDate "2020.05.26"]

1. d4 d5 2. Nf3 Nf6 3. c4 c6 4. cxd5 cxd5 5. Nc3 a6 6. Bf4 Nc6 7. e3 e6 8. Bd3
Be7 9. h3 O-O 10. O-O Bd7 11. Rc1 b5 12. Ne5 Qb6 13. a3 Rfc8 14. g4 Be8 15. g5
Nd7 16. Nxd7 Bxd7 17. b4 Be8 18. Kg2 a5 19. Nxb5 axb4 20. a4 e5 21. dxe5 Na5 22.
e6 Nc4 23. e4 Qxe6 24. Re1 Nb2 25. Qe2 Nxd3 26. Qxd3 Rxc1 27. Bxc1 dxe4 28. Qe3
Qc4 29. Kg1 Rxa4 30. Qxe4 Qxe4 31. Rxe4 Bxb5 32. Rxe7 Ra1 33. Re1 b3 34. Rd1 Kf8
35. Rd5 Rxc1+ 36. Kg2 Bc6 0-1

[Event "Euro Online U2300 Day 2"]
[Site "chess.com INT"]
[Date "2020.05.26"]
[Round "4"]
[White "Ioannidis, Evgenios"]
[Black "Budisavljevic, Luka"]
[Result "1-0"]
[WhiteTitle "IM"]
[BlackTitle "FM"]
[WhiteElo "2401"]
[BlackElo "2444"]
[WhiteFideId "4229274"]
[BlackFideId "960047"]
[EventDate "2020.05.26"]

1. d4 Nf6 2. c4 a6 3. Nc3 c5 4. Nf3 cxd4 5. Nxd4 e6 6. e4 Qc7 7. Be3 b6 8. Bd3
Bb7 9. O-O Be7 10. f4 d6 11. Rc1 O-O 12. b4 Nbd7 13. g4 Rfc8 14. g5 Ne8 15. h4
g6 16. h5 e5 17. Nd5 Qd8 18. Nf3 Bxd5 19. exd5 exf4 20. Bxf4 Ng7 21. hxg6 hxg6
22. Nd4 Bxg5 23. Qg4 Bxf4 24. Qxf4 Ne5 25. Nc6 Nh5 26. Qxe5 dxe5 27. Nxd8 Rxd8
28. c5 bxc5 29. bxc5 Nf4 30. Bc4 Nxd5 31. c6 Nf4 32. Rfd1 Rdc8 33. Rd7 Ne6 34.
Bxe6 fxe6 35. c7 Rf8 36. Rc6 Rae8 37. Rcd6 e4 38. Rd8 e3 39. Rxe8 Rxe8 40. Rd8
e2 41. Rxe8+ Kf7 42. Kf2 Kxe8 43. c8=Q+ Ke7 44. Qxa6 1-0

[Event "Euro Online U2300 Day 2"]
[Site "chess.com INT"]
[Date "2020.05.26"]
[Round "4"]
[White "Monteverde, Jonathan"]
[Black "Svane, Frederik"]
[Result "0-1"]
[WhiteElo "2105"]
[BlackElo "2421"]
[WhiteFideId "1314580"]
[BlackFideId "12923044"]
[EventDate "2020.05.26"]

1. d4 Nf6 2. c4 d6 3. Nf3 g6 4. Nc3 Bf5 5. Ng5 Bg7 6. e4 Bc8 7. Nf3 O-O 8. h3 e5
9. d5 Nh5 10. g3 Qe8 11. Be2 f5 12. exf5 gxf5 13. Nh4 Nf6 14. Bd3 e4 15. Be2 Na6
16. Ng2 Nc5 17. Be3 Qe7 18. Nf4 a5 19. O-O Bd7 20. Qd2 Kh8 21. Rfe1 c6 22. Rad1
Rad8 23. dxc6 Bxc6 24. Ncd5 Bxd5 25. cxd5 Nfd7 26. Bb5 Ne5 27. Be2 b6 28. Nh5
Rc8 29. Nxg7 Qxg7 30. Bh6 Qf6 31. Bxf8 Rxf8 32. Kg2 Rg8 33. Kh2 Ncd3 34. Bxd3
Nf3+ 35. Kh1 Nxd2 36. Rxd2 exd3 37. Rxd3 Qxb2 38. Rf3 Qd2 39. Ree3 Qxd5 40. Kh2
Qf7 41. Re2 Re8 42. Rc2 Qd5 43. Rcc3 Re1 44. Rcd3 Qe4 0-1

[Event "Euro Online U2300 Day 2"]
[Site "chess.com INT"]
[Date "2020.05.26"]
[Round "4"]
[White "Kashtanov, Ruslan"]
[Black "Ogloblin, Nikolay"]
[Result "1/2-1/2"]
[WhiteTitle "IM"]
[BlackTitle "IM"]
[WhiteElo "2376"]
[BlackElo "2346"]
[WhiteFideId "4124871"]
[BlackFideId "4139658"]
[EventDate "2020.05.26"]

1. Nf3 Nf6 2. c4 c5 3. Nc3 e6 4. g3 b6 5. Bg2 Bb7 6. O-O d6 7. d4 cxd4 8. Qxd4
a6 9. Rd1 Nbd7 10. Bg5 Qc7 11. Rac1 Rc8 12. b3 Be7 13. Na4 Nc5 14. Bxf6 Bxf6 15.
Qxd6 Nxa4 16. bxa4 Be7 17. Qxc7 Rxc7 18. Rb1 O-O 19. Ne5 Bxg2 20. Kxg2 Bc5 21.
Nd7 Rfc8 22. Nxb6 Bxb6 23. Rxb6 Rxc4 24. Rxa6 Rc2 25. e3 Rxa2 26. Ra7 h5 27.
Rdd7 Rf8 28. h4 Kh7 29. Rxf7 Rxf7 30. Rxf7 Rxa4 31. Re7 Ra6 32. g4 hxg4 33. Kg3
Kg6 34. Kxg4 Kf6 35. Rb7 Ra4+ 36. Kg3 Ra1 37. Rb4 Rg1+ 38. Kf3 Ra1 39. Rf4+ Ke7
40. Rg4 Kf6 41. Rf4+ Ke7 42. Kg4 Ra5 43. e4 Ra1 44. Kh5 Kd6 45. f3 Ke5 46. Rf7
Rg1 47. Rf8 Rg2 48. Rf7 Rg1 49. Re7 Rg3 50. Rf7 Rg2 51. Rf8 Rg1 52. Rg8 Rg3 53.
Rf8 Rg1 54. Rf7 Rg3 55. Rf8 Rg2 56. Ra8 Kf4 57. Rf8+ Ke5 1/2-1/2

[Event "Euro Online U2300 Day 2"]
[Site "chess.com INT"]
[Date "2020.05.26"]
[Round "4"]
[White "Tereladze, Sopiko"]
[Black "Terletsky, Oleg"]
[Result "0-1"]
[WhiteTitle "WIM"]
[BlackTitle "IM"]
[WhiteElo "2141"]
[BlackElo "2307"]
[WhiteFideId "13600486"]
[BlackFideId "14116774"]
[EventDate "2020.05.26"]

1. e4 e5 2. Nf3 Nc6 3. Bc4 Nf6 4. d3 h6 5. O-O d6 6. c3 g6 7. Re1 Bg7 8. Nbd2
O-O 9. a4 d5 10. Bb3 Be6 11. Nf1 Re8 12. Bc2 Qd7 13. Ng3 Rad8 14. Qe2 a5 15. Bd2
Kh7 16. b4 axb4 17. cxb4 Bg4 18. Bc3 dxe4 19. dxe4 Nd4 20. Bxd4 exd4 21. Qd3 Nh5
22. Rad1 Nf4 23. Qd2 Nh3+ 24. Kf1 Bxf3 25. gxf3 Be5 26. Bd3 Nf4 27. Kg1 h5 28.
Bf1 Qe7 29. Kh1 d3 30. Bg2 h4 31. Nf1 h3 32. Ne3 hxg2+ 33. Nxg2 Qg5 34. Rg1 Qh6
35. Ne3 Ne2 36. Rg2 Bf4 37. Qb2 Bxe3 38. fxe3 Qxe3 39. Qf6 Qf4 40. Qa1 Qe5 41.
Qa2 Kg7 42. Qb3 Nf4 43. Rg4 Rh8 44. Rdg1 d2 45. Qd1 Rh6 46. Rg5 Qd4 47. R1g2 0-1

[Event "Euro Online U2300 Day 2"]
[Site "chess.com INT"]
[Date "2020.05.26"]
[Round "4"]
[White "Roque, Gaetan"]
[Black "Baranow, Sergey"]
[Result "1/2-1/2"]
[WhiteElo "2128"]
[BlackElo "2192"]
[WhiteFideId "20666934"]
[BlackFideId "24155055"]
[EventDate "2020.05.26"]

1. d4 d5 2. Bf4 Nf6 3. e3 e6 4. Nd2 Bd6 5. Bg3 O-O 6. Bd3 b6 7. Ngf3 Bb7 8. Ne5
Nbd7 9. O-O Qe7 10. c3 Rac8 11. f4 c5 12. Bh4 Qe8 13. Bxf6 Nxf6 14. Qf3 Nd7 15.
Bb5 Bxe5 16. fxe5 f5 17. exf6 Rxf6 18. Bxd7 Qxd7 19. Qg3 Rcf8 20. Rxf6 Rxf6 21.
Rf1 Rxf1+ 22. Nxf1 Ba6 23. Nd2 h6 24. Nf3 Qb5 25. h4 Qxb2 26. Qe5 Qb1+ 27. Kh2
Qe4 28. Qxe4 dxe4 29. Ne5 cxd4 30. cxd4 Be2 31. Kg3 g5 32. hxg5 hxg5 33. Kf2 Ba6
34. Nc6 Bc4 35. Nxa7 Bxa2 36. Nc8 b5 37. Ke1 b4 38. Ne7+ Kf7 39. Nc6 b3 40. Ne5+
Kf6 41. Nc4 Kf5 42. Kd2 Kg4 43. Kc3 Kg3 44. Nd2 Kxg2 45. Nxe4 g4 46. Nd2 Kf2 47.
Ne4+ Kxe3 48. Ng5 g3 49. Nh3 g2 50. Kb2 Kxd4 51. Nf4 e5 52. Nxg2 e4 53. Nh4 Ke3
54. Ng6 Kf2 55. Ne5 Kg3 56. Nc4 Kf2 57. Ne5 Ke1 58. Ng4 Kd2 59. Ne5 Ke3 60. Ng6
Kd4 61. Nh4 Ke5 62. Ng2 Kd4 63. Nh4 1/2-1/2

[Event "Euro Online U2300 Day 2"]
[Site "chess.com INT"]
[Date "2020.05.26"]
[Round "4"]
[White "Lopez Varela, Pablo"]
[Black "Pedersen, Henrik Dahl"]
[Result "0-1"]
[WhiteElo "2177"]
[BlackElo "2225"]
[WhiteFideId "32092105"]
[BlackFideId "1404199"]
[EventDate "2020.05.26"]

1. e4 c6 2. Nc3 d5 3. Nf3 Bg4 4. h3 Bxf3 5. Qxf3 e6 6. d3 Bb4 7. Bd2 d4 8. Nb1
Bxd2+ 9. Nxd2 Ne7 10. g4 O-O 11. Qg3 Qa5 12. f4 Na6 13. a3 b5 14. f5 Qc7 15. Qg2
Nc5 16. Be2 a5 17. O-O Na4 18. Nf3 c5 19. Rab1 Nc6 20. Kh1 Rac8 21. f6 Ne5 22.
fxg7 Kxg7 23. Qf2 Nxf3 24. Qxf3 Qe5 25. g5 f6 26. gxf6+ Rxf6 27. Rg1+ Kh8 28.
Qg4 Rg6 29. Qh4 Qf6 30. Qh5 Rcg8 31. Rgf1 Qg5 32. Qxg5 Rxg5 33. Bg4 e5 34. Rf7
h5 35. Bf5 R5g7 36. Rf6 Re8 37. Rh6+ Kg8 38. Rxh5 c4 39. dxc4 bxc4 40. h4 Kf7
41. Rf1 Ke7 42. Rh6 Nxb2 43. Re6+ Kd8 44. Rxe8+ Kxe8 45. h5 Rg5 46. Bg6+ Ke7 47.
Rf7+ Ke6 48. Ra7 d3 49. cxd3 cxd3 50. Ra6+ Ke7 51. Ra7+ Kd6 52. Bf5 Rxh5+ 53.
Kg2 Kc5 54. Rd7 Kc4 0-1

[Event "Euro Online U2300 Day 2"]
[Site "chess.com INT"]
[Date "2020.05.26"]
[Round "4"]
[White "Stabulnieks, Klavs"]
[Black "Heinmets, Tonu"]
[Result "1-0"]
[WhiteElo "2204"]
[BlackElo "1886"]
[WhiteFideId "11603984"]
[BlackFideId "4500962"]
[EventDate "2020.05.26"]

1. d4 Nf6 2. c4 d6 3. Nc3 Nbd7 4. Nf3 e5 5. g3 Be7 6. Bg2 O-O 7. O-O c6 8. b3 a6
9. Bb2 Re8 10. Qd2 Qc7 11. Rac1 Nf8 12. Rfd1 Ng6 13. Ba3 Qa5 14. Na4 Qxd2 15.
Rxd2 e4 16. Ng5 Bf5 17. e3 h6 18. Nh3 b5 19. Nc3 Reb8 20. cxb5 axb5 21. Bb2 d5
22. Ba1 Bd7 23. Ne2 Ba3 24. Rcc2 Ne7 25. Nc3 Ra7 26. Nf4 Rba8 27. Nfe2 Bg4 28.
h3 Bxe2 29. Nxe2 Bb4 30. Bc3 Bd6 31. h4 Nd7 32. Bh3 Nb8 33. Nc1 Na6 34. Re2 b4
35. Be1 Nc7 36. Bd7 Nb5 37. Bxc6 Nxc6 38. Rxc6 Bf8 39. Rb6 Rc7 40. Rxb5 Rxc1 41.
Kg2 Rac8 42. Rxd5 Ra1 43. Re5 Rcc1 44. Kf1 g6 45. Rxe4 f5 46. Re5 Kf7 47. Rb5
Bd6 48. Rb7+ Kf6 49. Rd7 Ke6 50. Rd8 g5 51. Rh8 gxh4 52. Rxh6+ Kd5 53. Rxh4 Bc7
54. e4+ Kxd4 55. exf5+ Kd5 56. f6 Be5 57. f7 Bc3 58. Rhe4 Rxe1+ 59. Rxe1 Bg7 60.
Rxa1 Kxe4 61. Re1+ Kd3 62. Re8 1-0